Impossible Harry Potter Quiz - Statistics

General Stats
  • This quiz has been taken 166 times
  • The average score is 4 of 15
Answer Stats
Hint Answer % Correct
In Which Year Were Lily And James Potter Killed 1981
79%
What Was The Last Line of The Harry Potter Series All Was Well
63%
To Which Death Eater Did Hermione Give The Secret of Grimmauld Place Yaxley
61%
What Is Dumbledore's Favourite Flavour of Jam Raspberry
51%
Name of Hagrid's Mother Fridwulfa
42%
What Creature Startled Snape Yaxley As They Approached Malfoy Manor Peacock
39%
What is the Spell used To repel Muggles Repello Muggletum
18%
What does Ron Win For Having The Best Niffler in Hagrid's Class Honeydukes Chocolate
17%
What Is Hermione's Birthday Present For Harry In The Third Year Broom Servicing Kit
9%
The Spell to Strap a Broken Leg Ferula
9%
Which Member Of The Order Of The Pheonix Was Found In Bits Benjy Fenwick
6%
Who Wrote Harry's First Ever Transfiguration Textbook Emeric Switch
6%
The Place Where Tom Riddle Got His Diary Vauxhall Road
6%
What Contraption Is Used To Detect Concealment At Gringotts Probity Probes
4%
Why Does Slughorn Go Inside The Castle Before Aragog's Burial To Change His Tie
4%
No matching quizzes found
Score Distribution
Percent of People with Each Score
Percentile by Number Answered
Your Score History
You have not taken this quiz